UK Towns Quiz - Wrexham - Wales - Statistics

General Stats
  • This quiz has been taken 72 times
  • The average score is 11 of 24
Answer Stats
Clue Population Town % Correct
W 44,790 Wrexham
93%
R 3,412 Ruabon
71%
C 3,930 Chirk
67%
G 7,109 Gwersyllt
60%
G 4,944 Gresford
55%
R 12,784 Rhosllannerchrugog
55%
C 4,735 Coedpoeth
50%
L 4,668 Llay
50%
R 2,759 Rhostyllen
48%
A 6,896 Acrefair
45%
H 1,087 Holt
45%
O 913 Overton
45%
R 1,978 Rosset
45%
B 780 Bangor-on-Dee
43%
T 1,396 Trevor
43%
M 665 Minera
40%
B 9,225 Brynteg
38%
B 797 Bwlchgwyn
38%
M 1,038 Marchwiel
38%
P 732 Penly
38%
B 1,317 Bradley
26%
T 2,232 Tanyfron
24%
F 598 Froncysyllte
19%
P 1,816 Pentre Maelor
17%
No matching quizzes found
Score Distribution
Percent of People with Each Score
Percentile by Number Answered
Your Score History
You have not taken this quiz